| 000 | 01122nam a22002537a 4500 | ||
|---|---|---|---|
| 999 |
_c28228 _d56226 |
||
| 005 | 20170427054402.0 | ||
| 037 | _aIA 1432 48/A-B$PA_TH 751/A-B | ||
| 040 |
_aBC-ENSA _bFre |
||
| 041 |
_afre _bfre-ang-ara |
||
| 080 | _a636.084 | ||
| 084 | _aL02 | ||
| 100 | _aBENAICHA, Bouchra | ||
| 245 |
_aBilan des travaux de recherche à l'ENSA sur les effets d'une alimentation de longue durée à base de paille non traitée ou traitée à l'ammoniac ou à l'urée et de fourrages couramment utilisés en Algérie _bsur les performances de croissance et reproduction des brebis de race Ouled Djellal _cBouchra Benaicha, Raziqa Zidour |
||
| 260 | _c2015 | ||
| 300 |
_a57 p. : _b14 ill., 22 tab., 87 réf. _c30 cm |
||
| 541 | _cPROD-LOC | ||
| 562 | _e4 | ||
| 700 |
_aTRIKI S. _edir. thèse |
||
| 700 |
_aBENMESSAOUD N.E. _eco-dir |
||
| 942 | _c12 | ||
| 500 | _aCote d'origine affecter par BC : IA 1432 48/C-D devient PA_TH 751/A-B | ||
| 502 |
_aMém.-ing. : Agron. _bIngénieur _cENSA : département de Productions Animales _lEl Harrach |
||
| 653 | _aALIMENTATION/CROISSANCE/REPRODUCTION/AGNELLES/BREBIS/ALGERIE | ||